LEADER 01653nam a2200373 a 4500 001 000000126218 003 CaOOAMICUS 005 20110908093914.0 008 110908s2010 it u000 u ita r 020 $a978-88-07-72071-0 040 $aPUL$bita 041 1 $aita$hger 082 04$a305 100 1 $aHabermas, Jürgen,$d1929-$0(OLS)http://pul/name/516 240 10$aKampf um Anerkennung im demokratischen Rechtsstatt.$lItaliano.$0(OLS)http://pul/title/159381 245 10$aMulticulturalismo :$blotte per il riconoscimento /$cJurgen Habermas, Charles Taylor ; traduzione di Leonardo Ceppa e Gianni Rigamonti. 250 $a2. ed. 260 $aMilano :$bFeltrinelli,$c2010. 300 $a117 p. ;$c20 cm 490 1 $aUniversale economica. Saggi ;$v2071 504 $aInclude riferimenti bibliografici. 650 4$aMulticulturalismo.$0(OLS)http://pul/subject/23034 700 1 $aTaylor, Charles,$d1931-$0(OLS)http://pul/name/53594 700 1 $aCeppa, Leonardo.$0(OLS)http://pul/name/517 700 1 $aRigamonti, Gianni.$0(OLS)http://pul/name/704 830 0$aUniversale economica.$pSaggi ;$v2071.$0(OLS)http://pul/title/159380 850 $aPUL 852 $aPUL$W1$xSL Diritto e Scienze Sociali 3$y79$m305 TAYCH 1$j145579$qDDC 21$B144444$CPULBib$Z2$F144444 $H117236 $82 941 1 $a9 996 $6020$a978-88-07-72071-0$9(OLS)http://pul/number/147898 996 $6082$a305$9(OLS)http://pul/classification/744 996 $6245$aMulticulturalismo :$blotte per il riconoscimento$9(OLS)http://pul/title/159379 996 $6260$aMilano :$bFeltrinelli$9(OLS)http://pul/publisher/48846 LEADER 01703namaa2200397 i 4500 001 000000178318 003 CaOOAMICUS 005 20251217163840.0 007 tu 008 251217s2025 it f 000 u ita r 020 $a978-88-288-5864-5* 040 $aPUL$bita$erda 082 0 $a344.45035 245 10$aManuale di diritto penitenziario /$cLeonardo Filippi, Giorgio Spangher, Maria Francesca Cortesi, Andrea Chelo . 250 $a6.ed. 264 4$c©2025. 264 1$aMilano :$bLefebvre Giuffrè,$c[2025] 300 $aIX, 327 pagine ;$c24 cm 336 $atesto$btxt$2rdacontent 337 $asenza mediazione$bn$2rdamedia 338 $avolume$bnc$2rdacarrier 504 $aBibliografia in nota a piè pagina. 650 4$aDiritto penitenziario$zItalia.$0(OLS)http://pul/subject/45630 700 1 $aCortesi, Maria Francesca,$d1958-,$eautore.$0(OLS)http://pul/name/114520 700 1 $aSpangher, Giorgio,$d1944-,$eautore.$0(OLS)http://pul/name/65957 700 1 $aChelo, Andrea,$eautore.$0(OLS)http://pul/name/78139 700 1 $aFilippi, Leonardo,$d1947-,$eautore.$0(OLS)http://pul/name/66522 850 $aPUL 852 $aPUL$W1$xSL Diritto e Scienze Sociali 3$y79$m344. 45035 FILLE 1$j202162$qDDC 21$B207420$CPULBib$Z2$F207420 $H138299 $82 941 1 $a9 996 $6020$a978-88-288-5864-5*$9(OLS)http://pul/number/170739 996 $6082$a344.45035$9(OLS)http://pul/classification/3500 996 $6245$aManuale di diritto penitenziario$9(OLS)http://pul/title/218357 996 $6264$aMilano :$bLefebvre Giuffrè$9(OLS)http://pul/publisher/87700 996 $6264$a[S.l.] :$b[s.n.]$9(OLS)http://pul/publisher/0